000 00363nam a2200145Ia 4500
008 230917s9999||||xx |||||||||||||| ||und||
040 _e81033
_aMAIN
041 _aEnglish
082 _a342.54 S43S
100 _aShelat, J M
245 0 _aSecularism: principles and application
260 _aBombay
_bN M Tripathi
_c1972
300 _axiv, 144 p.
942 _cBK
999 _c202683
_d202683